Gaming Quiz

Random Gaming or Blitz Quiz

32 Chess Pieces Blitz Quiz Stats

 Plays Quiz Updated Feb 22, 2016

Challenge
Share
Tweet
Embed
Score 0/32 Timer 01:00
0 Plays Today
% Correct
73.8%
73.7%
73.7%
73.7%
73.6%
73.6%
73.6%
73.6%
73.6%
73.5%
73.5%
73.5%
73.5%
73.5%
73.3%
73.3%
% Correct
72.5%
72.2%
72.1%
71.6%
70.3%
69.9%
69.9%
69.8%
69.5%
69.1%
69%
69%
61.7%
61.1%
60.5%
59.2%

You're not logged in!

Compare scores with friends on all Sporcle quizzes.
OR
Log In

You Might Also Like...

Show Comments

Extras

Top Quizzes Today


Score Distribution

Your Account Isn't Verified!

In order to create a playlist on Sporcle, you need to verify the email address you used during registration. Go to your Sporcle Settings to finish the process.

Report this User

Report this user for behavior that violates our Community Guidelines.

Details: